| 000 | 00403nam a22001337a 4500 | ||
|---|---|---|---|
| 020 | _a0-521-21730-X | ||
| 082 | _a355.02 CRE'S | ||
| 100 |
_aCREVELD, MARTIN VAN _951470 |
||
| 245 | _aSUPPLYING WAR LOGISTICS FROM WALLENSTEIN TO PATTON | ||
| 260 |
_aLONDON _bCANBRIDGE _c1978 |
||
| 300 | _a284P | ||
| 650 |
_aMILITRAY HISTORY MODERN MILIRAY ART AND SCIENCE HISTORY LOGISTICS HISTORY _976388 |
||
| 942 | _cBK | ||
| 999 |
_c581781 _d581781 |
||